00330nam a2200121Ia 4500008004100000020001400041050001500055100002900070245003700099260003500136300002400171650001300195150202s9999 xx 000 0 und d a451405021 aFIC bFIC  aSeidel, Kathleen Gelles. aAgain /cKathleen Gelles Seidel. aNew York :bOnyx Books,c1980. a378 pages :c18 cm. aFiction.